Spiritual Revolution in the East. (Record no. 902)

MARC details
000 -LEADER
fixed length control field 00544nam a2200229 a 4500
020 ## - INTERNATIONAL STANDARD BOOK NUMBER
ISBN
082 00 - DEWEY DECIMAL CLASSIFICATION NUMBER
Classification number 266
Author Cutter FRE
100 ## - MAIN ENTRY--AUTHOR NAME
Author name Freytag, Walter
245 ## - TITLE STATEMENT
Title Spiritual Revolution in the East.
260 ## - PUBLICATION, DISTRIBUTION, ETC. (IMPRINT)
Place of publication London
Name of publisher Lutterworth Press
Year of publication 1940
300 ## - PHYSICAL DESCRIPTION
Number of Pages 267p
500 ## - GENERAL NOTE
General note includes index and biblioraphy
505 2# - FORMATTED CONTENTS NOTE
Formatted contents note Bibliography
650 ## - SUBJECT ADDED ENTRY--TOPICAL TERM
Topical Term Missions
942 ## - ADDED ENTRY ELEMENTS (KOHA)
Koha item type Books
Holdings
Home library Current library Date acquired Cost, normal purchase price Full call number Accession Number Koha item type
Henry Martyn Institute Library Henry Martyn Institute Library 07/11/2007 100.00 266 FRE 677 Archive Book
                   Copyright © 2026 | Henry Martyn Institute | Hyderabad | TS-500052 | INDIA | Implemented by hmi.edu.in
Hit-Count:

Powered by Koha